00526 2200205 4500001002100000005001500021035002000036245004700056100001800103250000600121300003800127260003700165082001000202084001600212020002200228650001900250990001700269990001700286990001700303INLIS00000000000127420190808045601 a0010-08190000191 aKiat Jitu Belajar Bermutu /cMuniasari, SE0 aMuniasari, SE a- aviii, 116 hlm. :bilus. ;c21 cm. aJakarta :bNobel Edumedia,c2008 a371.3 a371.3 MUN k a978-602-8219-55-6 aMetode Belajar a04568/H/2018 a04569/H/2018 a04570/H/2018